000 004210000a22001690004500
003 MACL
005 20151217151627.0
008 151217b xxu||||| |||| 00| 0 eng d
040 _aMACL
_cMACL
041 _aEnglish
082 _a030
100 _aGeorge Newnes Ltd
_920844
245 _aChamberss Encyclopaedia
_bVol XIV
260 _bGeorge Newnes Ltd
_c1955
650 _aEncyclopaedia
_920845
942 _cBK
_k030
_2ddc
999 _c40647
_d40647